Normal view
MARC view
- الطب الاسلامي-تاريخ- الطب عند العرب
Entry Topical Term
001 - CONTROL NUMBER
- control field: 38590
003 - CONTROL NUMBER IDENTIFIER
- control field: JO-AjAnu
005 - DATE AND TIME OF LATEST TRANSACTION
- control field: 20230606080426.0
008 - FIXED-LENGTH DATA ELEMENTS
- fixed length control field: 230606|| aca||aabn | a|a d
040 ## - CATALOGING SOURCE
- Original cataloging agency: JO-AjAnu
- Transcribing agency: JO-AjAnu
150 ## - HEADING--TOPICAL TERM
- Topical term or geographic name entry element: الطب الاسلامي-تاريخ- الطب عند العرب
670 ## - SOURCE DATA FOUND
- Source citation: Work cat.: (JO-AjAnu)19793: السعيد، عبدالله عبد الرزاق, author 38589, من روائع الطب الاسلامي